000 01154nam a22002537a 4500
005 20260420125741.0
008 170907b xxu||||| |||| 00| 0 eng d
020 _a3821700254
040 _cPK-LaUMT
082 _aZIAC 297.01
_bWIL-P
100 1 _aHofmann, Murad Wilfried
_911090
245 1 2 _aA philosophical approach to Islam /
_cMurad Wilfried Hofmann
246 1 0 _aStudy on government policy regarding the educational uplift of the Muslims and the new opportunities offered by the open universities in the country / M. Manzoor Ahmad
246 1 0 _aIslam : the religion of love / Muhammad Mazharuddin Siddiqi
246 1 4 _aThe multiple mazuri : scholar, ideologue, philosopher and artist / Chaly Sawere
246 1 4 _aThe process of Islamization / Gaafar Sheikh Idrees
246 1 4 _aKnow the Hindus : Jews of the sub-continent
246 1 0 _aHindu mentality : an introduction / Muhammad Munawwar
246 1 0 _aPluralism in Muslim-Christian relations / John L. Esposito
260 _aCologne :
_bVerlag Islamische Bibliothek M. Rassoul,
_c1983
300 _aThis volume consists of 8 books bound in one.
546 _aEnglish
942 _cBK
999 _c97929
_d97929